| 000 | 01838nam a2200373 a 4500 | ||
|---|---|---|---|
| 001 | ebr10545779 | ||
| 003 | CaPaEBR | ||
| 006 | m u | ||
| 007 | cr cn||||||||| | ||
| 008 | 101013s2011 vaua sb 001 0 eng d | ||
| 010 | _z 2010043057 | ||
| 020 | _z9781579224592 (cloth : alk. paper) | ||
| 020 | _z9781579224608 (pbk. : alk. paper) | ||
| 020 | _z9781579226015 (e-book) | ||
| 040 |
_aCaPaEBR _cCaPaEBR |
||
| 035 | _a(OCoLC)779849915 | ||
| 050 | 1 | 4 |
_aLB1044.87 _b.M34 2011eb |
| 082 | 0 | 4 |
_a378.1/7344678 _222 |
| 100 | 1 | _aMcHaney, Roger. | |
| 245 | 1 | 4 |
_aThe new digital shoreline _h[electronic resource] : _bhow Web 2.0 and millennials are revolutionizing higher education / _cRoger McHaney ; foreword by Sir John Daniel. |
| 250 | _a1st ed. | ||
| 260 |
_aSterling, Va. : _bStylus Pub., _c2011. |
||
| 300 |
_axix, 247 p. : _bill. |
||
| 504 | _aIncludes bibliographical references and index. | ||
| 505 | 0 | _aDiscovering a new shoreline -- Indigenous populations on the shoreline -- The new shoreline's topography: platforms for learning -- The new shoreline's topography: web 2.0 and social learning -- The new shoreline's topography: web 2.0 content, filtering, apps, and emergent behaviors -- What students are finding on the new shore -- Convergence on the new shoreline -- Taking the next step as a teacher. | |
| 533 |
_aElectronic reproduction. _bPalo Alto, Calif. : _cebrary, _d2011. _nAvailable via World Wide Web. _nAccess may be limited to ebrary affiliated libraries. |
||
| 650 | 0 | _aInternet in higher education. | |
| 650 | 0 | _aWeb 2.0. | |
| 650 | 0 | _aEducational change. | |
| 650 | 0 | _aGeneration Y. | |
| 655 | 7 |
_aElectronic books. _2local |
|
| 710 | 2 | _aebrary, Inc. | |
| 856 | 4 | 0 |
_uhttp://site.ebrary.com/lib/rucke/Doc?id=10545779 _zAn electronic book accessible through the World Wide Web; click to view |
| 999 |
_c137896 _d137896 |
||